| 000 | 01039aam a2200313 i 4500 | ||
|---|---|---|---|
| 001 | 68781 | ||
| 003 | Mx-PuUPA | ||
| 005 | 20241023160721.0 | ||
| 008 | 200318s2013 sp a|||gr|||| 001 0 spa d | ||
| 020 | _a9788490230770 | ||
| 040 |
_aMx-PuUPA _bspa _cMx-PuUPA _dMx-PuUPA _erda |
||
| 041 | 0 | _aspa | |
| 100 | 1 |
_aNotario, Luis Miguel, _eautor _910627 |
|
| 245 | 1 | 0 |
_aÉtica para ser persona / _cLuis Miguel Notario |
| 264 | 1 |
_aMadrid : _bEditorial CCS, _c©2013 |
|
| 300 |
_a296 páginas : _bilustraciones ; _c22 cm |
||
| 336 |
_2rdacontent _atexto _btxt |
||
| 337 |
_2rdamedia _asin medio _bn |
||
| 338 |
_2rdacarrier _avolumen _bnc |
||
| 490 | 0 |
_aColección educar ; _v71 |
|
| 650 | 7 |
_aPersona (Filosofía) _2armarc |
|
| 650 | 7 |
_aÉtica _2armarc |
|
| 942 |
_2ddc _cLI _h170 _iN895 |
||
| 999 |
_c68781 _d68781 |
||